| 000 | 00530nam a2200169 i 4500 | ||
|---|---|---|---|
| 001 | 75652 | ||
| 003 | ES-MaACL | ||
| 005 | 20230906172533.0 | ||
| 007 | t| | ||
| 008 | 040927s1963 sp ||||1| spa d | ||
| 100 | 1 |
_aGrande Martín, Juan. _959592 |
|
| 245 | 1 | 0 |
_aSobre la roca firme _b: castillos en la tierra de Avila / _cpor Juan Grande Martín. |
| 260 |
_aAvila : _bCatólica Española, _c1963. |
||
| 300 |
_a94 p., 1 lam. ; _c24 cm. |
||
| 650 | 0 | 4 |
_aCastillos- _zAvila (Provincia) _910824 |
| 852 |
_aES-MaACL _jC-23811 _bR.52563 |
||
| 999 |
_c75652 _d75652 |
||